000 00723nam a22002057a 4500
005 20100813161045.0
010 _aENG-100220
020 _a9789380370057
_c100.00
035 _aEN-83752
037 _bDBAD/PUB
082 _a005.133
100 _aGeetha,M.
_913830
245 _aFundamental concepts of C programming /
_cby M.Geetha
260 _aErode
_bIndiyan Literature
_c2009
270 _a194, Kanna Complex, Mettur Road
_bErode
_e11
300 _a126p.
_c21cm (pbk)
650 _aComputer programe language
_913831
942 _2ddc
_cEN
_h005.133
_mGEE
999 _c41739
_d41739